Design Aids in Soil Mechanics and Foundation Engineering / (Record no. 2252)

MARC details
000 -LEADER
fixed length control field 00713nac a22001691u 4500
008 - FIXED-LENGTH DATA ELEMENTS--GENERAL INFORMATION
fixed length control field 100905t xxu||||| |||| 00| 0 eng d
020 ## - INTERNATIONAL STANDARD BOOK NUMBER
International Standard Book Number 0074517147
082 ## - DEWEY DECIMAL CLASSIFICATION NUMBER
Classification number 624.1
Item number KAN
100 ## - MAIN ENTRY--PERSONAL NAME
Personal name Kaniraj, Shenbaga R.
9 (RLIN) 17961
245 ## - TITLE STATEMENT
Title Design Aids in Soil Mechanics and Foundation Engineering /
Statement of responsibility, etc Shenbaga R. Kaniraj
260 ## - PUBLICATION, DISTRIBUTION, ETC. (IMPRINT)
Place of publication, distribution, etc New Delhi :
Name of publisher, distributor, etc TATA McGraw-Hill ,
Date of publication, distribution, etc 1988.
300 ## - PHYSICAL DESCRIPTION
Extent xi,698 p. :
Other physical details ill. ;
Dimensions 22 cm.
504 ## - BIBLIOGRAPHY, ETC. NOTE
Bibliography, etc Includes bibliography:p.671-682 and index
650 ## - SUBJECT ADDED ENTRY--TOPICAL TERM
Topical term or geographic name as entry element Soil mechanics
9 (RLIN) 17962
942 ## - ADDED ENTRY ELEMENTS (KOHA)
Item type Book - Borrowing
Call number prefix 624.1 KAN
Source of classification or shelving scheme Dewey Decimal Classification
Holdings
Withdrawn status Item status Source of classification or shelving scheme Damaged status Not for loan Vendor Home library Current library Shelving location Date acquired Source of acquisition Total Checkouts Full call number Barcode Date last seen Cost, replacement price Koha item type
    Dewey Decimal Classification       Central Library Central Library First floor 05/09/2010     624.1 KAN 000002072 15/07/2025 265.00 Book - Borrowing